[Вып. 5]; Исследование, конструирование и расчет резьбовых соединений

Detaylı Bibliyografya
Parent link:Исследование, конструирование и расчет резьбовых соединений: [сборник статей]/ Ульяновский политехнический институт. [Вып. 5].— , 1973-
Diğer Yazarlar: Клячкин Н. Л. Николай Львович (редактор)
Dil:Rusça
Baskı/Yayın Bilgisi: Саратов, Изд-во Саратовского ун-та, 1980
Konular:
Materyal Türü: MixedMaterials Kitap
KOHA link:https://koha.lib.tpu.ru/cgi-bin/koha/opac-detail.pl?biblionumber=251632

MARC

LEADER 00000nam2a2200000 4500
001 251632
005 20231101232656.0
035 |a (RuTPU)RU\TPU\book\273940 
035 |a RU\TPU\book\273933 
090 |a 251632 
100 |a 20140224d1980 k y0rusy5003 ca 
101 0 |a rus 
102 |a RU 
105 |a a z 001zy 
200 0 |a [Вып. 5]  |f отв. ред. Н. Л. Клячкин 
210 |a Саратов  |c Изд-во Саратовского ун-та  |d 1980 
215 |a 150 с.  |c ил. 
320 |a Библиогр. в конце ст. 
461 1 |0 (RuTPU)RU\TPU\book\272200  |t Исследование, конструирование и расчет резьбовых соединений  |o [сборник статей]  |f Ульяновский политехнический институт  |v [Вып. 5]  |d 1973-  
606 1 |a Резьбовые соединения  |2 stltpush  |3 (RuTPU)RU\TPU\subj\72915  |9 86265 
610 1 |a динамика 
610 1 |a прочность 
610 1 |a фланцевые соединения 
610 1 |a расчет 
675 |a 621.882  |v 3 
702 1 |a Клячкин  |b Н. Л.  |g Николай Львович  |4 340 
801 0 |a RU  |b RuMRKP  |c 19950417  |g psbo 
801 1 |a RU  |b 63413507  |c 20140211 
801 2 |a RU  |b 63413507  |c 20140224  |g RCR 
942 |c BK